000 00441nam a2200157Ia 4500
008 240729s9999 xx 000 0 und d
022 _a1338-3973
245 0 _aSlovak Journal of Civil Engineering
260 _aPoland
260 _bSciendo
650 _a Engineering (General). Civil engineering (General)
650 _aTechnology
856 _uhttps://doaj.org/toc/6ecfadf92f8e426fa5735e6fe934cac0
942 _2ddc
942 _cDOAJEJ
999 _c66259
_d66259
945 _a1
_bMadushi Gamage
_c1
_dMadushi Gamage